90s film quiz based on actors - Statistics

General Stats
  • This quiz has been taken 115 times
  • The average score is 7 of 15
Answer Stats
Picture Answer % Correct
Home Alone
98%
Titanic
94%
The Matrix
73%
Forrest Gump
67%
Austin Powers
58%
Fight Club
56%
Good Will Hunting
48%
Pulp Fiction
48%
The Truman Show
43%
Se7en
28%
Braveheart
24%
The Big Lebowski
24%
Heat
19%
The Sixth Sense
18%
The Thin Red Line
3%
No matching quizzes found
Score Distribution
Percent of People with Each Score
Percentile by Number Answered
Your Score History
You have not taken this quiz